វិប្បដិសារី : (Record no. 6623)
[ view plain ]
| 000 -LEADER | |
|---|---|
| fixed length control field | 02778nam a22002297a 4500 |
| 001 - CONTROL NUMBER | |
| control field | 6623 |
| 003 - CONTROL NUMBER IDENTIFIER | |
| control field | FISKH |
| 005 - DATE AND TIME OF LATEST TRANSACTION | |
| control field | 20250516104301.0 |
| 008 - FIXED-LENGTH DATA ELEMENTS--GENERAL INFORMATION | |
| fixed length control field | 250516b cb ||||| |||| 00| 0 eng d |
| 040 ## - CATALOGING SOURCE | |
| Original cataloging agency | FISKH |
| Language of cataloging | khr |
| Transcribing agency | FISKH |
| Modifying agency | FISKH |
| 082 ## - DEWEY DECIMAL CLASSIFICATION NUMBER | |
| Classification number | 800 |
| 100 ## - MAIN ENTRY--PERSONAL NAME | |
| Personal name | Samnang, Mao |
| 245 ## - TITLE STATEMENT | |
| Title | វិប្បដិសារី : |
| Remainder of title | ប្រលោមលោកមនោសញ្ចេតនា / |
| Statement of responsibility, etc. | និពន្ធដោយអ្នកស្រី ម៉ៅ សំណាង សមាជិកសមាគមអ្នកនិពន្ធខ្មែរ |
| 260 ## - PUBLICATION, DISTRIBUTION, ETC. | |
| Place of publication, distribution, etc. | ភ្នំពេញ : |
| Name of publisher, distributor, etc. | បណ្ណាល័យ សុរិយារង្សី , |
| Date of publication, distribution, etc. | ២០០៩. |
| 300 ## - PHYSICAL DESCRIPTION | |
| Extent | 138 pages : |
| Other physical details | color illustrations ; |
| Dimensions | 21 cm . |
| 520 ## - SUMMARY, ETC. | |
| Summary, etc. | រឿងនេះបង្ហាញពីការតស៊ូ និងការប្រឈមមុខនឹងវិបត្តិរបស់តួអង្គស្រី ដើម្បីរកសិទ្ធិ និងសេរីភាពក្នុងសង្គម។ វាបង្ហាញពីការរើសអើង និងវិបត្តិសង្គមដែលមានឥទ្ធិពលដល់ជីវិតនារីម្នាក់ និងការតស៊ូរបស់នាងដើម្បីរកសិទ្ធិ និងសេរីភាពក្នុងសង្គម។<br/><br/>ដោយសារតែការរើសអើង និងវិបត្តិសង្គមដែលតួអង្គស្រីប្រឈមមុខ នាងត្រូវប្រឈមមុខនឹងការលំបាក និងការឈឺចាប់ផ្លូវចិត្ត។ រឿងនេះបង្ហាញពីការតស៊ូ និងការប្រឈមមុខនឹងវិបត្តិរបស់តួអង្គស្រី ដើម្បីរកសិទ្ធិ និងសេរីភាពក្នុងសង្គម។ |
| 520 ## - SUMMARY, ETC. | |
| Summary, etc. | This story portrays the struggle and challenges faced by the female protagonist in her pursuit of rights and freedom within society. It highlights the discrimination and social hardships that deeply affect a woman’s life, as well as her determination to fight for her rights and independence.<br/><br/>Due to the discrimination and societal obstacles she encounters, the protagonist faces many difficulties and emotional pain. The story illustrates her fight and resilience in the face of adversity as she strives to gain her rightful place and freedom in society. |
| 650 ## - SUBJECT ADDED ENTRY--TOPICAL TERM | |
| Topical term or geographic name entry element | វិប្បដិសារី |
| Form subdivision | ប្រលោមលោកមនោសញ្ចេតនា |
| 650 ## - SUBJECT ADDED ENTRY--TOPICAL TERM | |
| Topical term or geographic name entry element | Vi pa de sa rey |
| Form subdivision | Romantic Literature |
| 942 ## - ADDED ENTRY ELEMENTS (KOHA) | |
| Source of classification or shelving scheme | Dewey Decimal Classification |
| Koha item type | Khmer Books |
| Suppress in OPAC | No |
| Withdrawn status | Lost status | Source of classification or shelving scheme | Damaged status | Not for loan | Collection | Home library | Current library | Shelving location | Date acquired | Total Checkouts | Full call number | Barcode | Date last seen | Price effective from | Koha item type |
|---|---|---|---|---|---|---|---|---|---|---|---|---|---|---|---|
| Dewey Decimal Classification | Khmer Language Books / សៀវភៅភាសាខ្មែរ | Footprints International School Library Network Toul Tom Poung Campus | Footprints International School Library Network Toul Tom Poung Campus | TTP Secondary Khmer Bookshelves | 05/16/2025 | SAM 800 | FISSE01644 | 05/16/2025 | 05/16/2025 | Khmer Books |
